000 00286nam a22001337a 4500
020 _a9780929355733
041 _aENG
100 _aLindley.J.A
245 _aAgricultural Buildings And Stuctures
260 _aUSA
_bASAE
_c1996
300 _a636
650 _aAPE
856 _uAPE ( 3 )
999 _c2497
_d2497